MARC
| LEADER | 00000nam a22000003a 4500 | ||
|---|---|---|---|
| 001 | stu80967 | ||
| 005 | 20150617225640.5 | ||
| 008 | 030613s1999----xo------------------slo-d | ||
| 020 | |a 80-88964-10-5 | ||
| 040 | |a STU |b slo | ||
| 041 | 0 | |a slo | |
| 044 | |a xo | ||
| 080 | |a 681.51 | ||
| 080 | |a 519.71 |7 stu_us_auth*stu8254 | ||
| 080 | |a 519.876 | ||
| 084 | |a C1220 |2 INS | ||
| 084 | |a C1230 |2 INS | ||
| 084 | |a C1340 |2 INS | ||
| 100 | 1 | |a Sarnovský, Ján |4 aut | |
| 245 | 1 | |a Multiagentové hybridné riadenie zložitých systémov / |c Aut.: Sarnovský, Ján a kol. | |
| 260 | |a Košice : |b Elfa, |c 1999 | ||
| 300 | |a 184 s | ||
| 650 | 7 | |a automatické riadiace systémy |2 stusub | |
| 650 | 7 | |a multiagentové systémy |2 stusub | |
| 650 | 7 | |a riadenie zložitých systémov |2 stusub | |
| 700 | 1 | |a Dzurňáková, Zuzana |4 aut | |
| 700 | 1 | |a Hladký, Vratislav |4 aut | |
| 700 | 1 | |a Jadlovská, Anna |4 aut | |
| 700 | 1 | |a Liguš, Ján |4 aut | |
| 856 | 4 | |a https://sweb.mtf.stuba.sk/obsahy/multiagentove_hybridne_riadenie_ylozitych_systemov_99.pdf |u https://sweb.mtf.stuba.sk/obsahy/multiagentove_hybridne_riadenie_ylozitych_systemov_99.pdf |3 OBSAH | |
| 996 | |b 284EK84962 |c E*84962 |l EE01 |s A |a 24 |w stu80967_0001 | ||
| 996 | |b 284M071377 |c M*12583-1 |l MMST |s A |a 24 |w stu80967_0003 | ||